[Event "2021 FIDE Online Olympiad"]
[Site "Chess.com"]
[Date "2021.09.03"]
[Round "5"]
[Board "4"]
[White "Villa, Ma. Elayza"]
[Black "Sihite, Chelsie Monica Ignesias"]
[Result "1/2-1/2"]
[WhiteElo "1468"]
[BlackElo "2233"]
[PlyCount "236"]
[EventDate "2021.09.02"]
[EventType "team"]
[EventRounds "9"]
[EventCountry "FID"]
[WhiteTeam "Philippines"]
[BlackTeam "Indonesia"]

1. d4  Nf6  2. Bf4  c5  3. e3  Qb6  4. Nc3  cxd4  5. exd4  d6  6. Rb1  g6  7. Nf3  Bg7  8. Be2  O-O  9. h3  Nc6  10. O-O  Nb4  11. a3  Nbd5  12. Nxd5  Nxd5  13. Bh2  Bf5  14. Bd3  Bxd3  15. Qxd3  Rac8  16. Rfe1  Qc6  17. c3  b5  18. Nd2  Bh6  19. Rbd1  a5  20. Nb3  Ra8  21. Nc1  Rfc8  22. Ne2  b4  23. axb4  axb4  24. Bg3  bxc3  25. Nxc3  Nxc3  26. bxc3  Ra7  27. Bh4  Bf8  28. Rc1  d5  29. Bg5  h6  30. Bd2  Bg7  31. Re2  Qc4  32. Qxc4  Rxc4  33. Rce1  e6  34. Rb1  Rca4  35. g4  Kh7  36. Kg2  Ra2  37. Kf3  g5  38. Ke3  R2a3  39. Kd3  R7a4  40. Be3  Rc4  41. Rc2  e5  42. dxe5  Bxe5  43. Bd2  Rc5  44. Rb7  Kg7  45. Rcb2  Bxc3  46. R2b3  Rxb3  47. Rxb3  Bxd2  48. Kxd2  Ra5  49. Ke3  Ra4  50. Rb5  Ra3+  51. Ke2  Rxh3  52. Rxd5  Rh4  53. Kf3  Rh1  54. Kg2  Ra1  55. Rc5  Ra4  56. Kg3  Kg6  57. Rc6+  f6  58. f3  Rf4  59. Rc8  h5  60. gxh5+  Kxh5  61. Rh8+  Kg6  62. Rg8+  Kf5  63. Rf8  Ra4  64. Rc8  Ra3  65. Rc5+  Kg6  66. Rc6  Kf5  67. Rc5+  Ke6  68. Rc6+  Ke7  69. Rc5  Ra4  70. Rb5  Rf4  71. Rb7+  Kd6  72. Rb6+  Kc5  73. Ra6  Kd5  74. Ra5+  Ke6  75. Ra6+  Kf5  76. Ra5+  Kg6  77. Ra6  Kh5  78. Ra8  Rb4  79. Rh8+  Kg6  80. Rg8+  Kf7  81. Ra8  f5  82. Ra7+  Kg6  83. Ra6+  Kh5  84. Rf6  f4+  85. Kh3  Rb3  86. Kg2  Ra3  87. Rf8  Kg6  88. Rg8+  Kf6  89. Rf8+  Kg7  90. Rc8  Rb3  91. Rc6  Kf7  92. Rc7+  Kg6  93. Rc6+  Kh5  94. Rf6  Rb4  95. Kh3  Rb1  96. Kg2  Ra1  97. Rf8  Ra2+  98. Kh3  Ra1  99. Kg2  Rd1  100. Rh8+  Kg6  101. Rg8+  Kf6  102. Rf8+  Kg7  103. Rc8  Rd6  104. Kh3  Rd1  105. Kg4  Rg1+  106. Kf5  g4  107. Rc7+  Kf8  108. fxg4  f3  109. Rc8+  Ke7  110. Rc2  Rg2  111. Rc7+  Ke8  112. Rc3  f2  113. Rf3  Kf7  114. g5  Kg7  115. Rf4  Rh2  116. Rf3  Rg2  117. Rf4  Rh2  118. Rf3  Rg2   1/2-1/2

[Event "2021 FIDE Online Olympiad"]
[Site "Chess.com"]
[Date "2021.09.03"]
[Round "5"]
[Board "5"]
[White "Arfan, Aditya Bagus"]
[Black "Concio, Michael Jr."]
[Result "1/2-1/2"]
[WhiteElo "1772"]
[BlackElo "2010"]
[PlyCount "144"]
[EventDate "2021.09.02"]
[EventType "team"]
[EventRounds "9"]
[EventCountry "FID"]
[WhiteTeam "Indonesia"]
[BlackTeam "Philippines"]

1. Nf3  Nf6  2. c4  e6  3. g3  b6  4. Bg2  Bb7  5. O-O  Be7  6. b3  O-O  7. Bb2  d6  8. d4  Nbd7  9. Nc3  Ne4  10. Nxe4  Bxe4  11. d5  Bf6  12. Nd4  Bxg2  13. Kxg2  Bxd4  14. Qxd4  e5  15. Qc3  Qe7  16. f4  f5  17. Rae1  exf4  18. Rxf4  Nc5  19. Qf3  Rae8  20. Rxf5  Rxf5  21. Qxf5  Rf8  22. Qg4  Qf7  23. Bd4  h5  24. Qg5  Ne4  25. Qe3  Qf5  26. Qf3  Qg6  27. Qe3  h4  28. Rf1  Rxf1  29. Kxf1  hxg3  30. hxg3  Nxg3+  31. Ke1  Nf5  32. Qd3  Qg4  33. Bf2  Qf4  34. Kf1  Qc1+  35. Kg2  Qg5+  36. Kf1  Qf4  37. Qf3  Qe5  38. Qg4  Qf6  39. Qf3  Qa1+  40. Kg2  Qe5  41. e4  Ne7  42. Qg4  Kf7  43. Kh3  Ng8  44. Bg3  Qe7  45. e5  dxe5  46. Qh5+  Kf8  47. Qxe5  Qd7+  48. Kg2  c5  49. Qd6+  Ke8  50. Qg6+  Kd8  51. Be5  Kc8  52. Qxg7  Ne7  53. Bf6  Nf5  54. Qxd7+  Kxd7  55. Be5  a6  56. Kf3  b5  57. Ke4  Ne7  58. d6  Nc6  59. Kd5  bxc4  60. bxc4  Nb4+  61. Kxc5  Nxa2  62. Bb2  a5  63. Ba3  Nc3  64. Kb6  Ne2  65. Bb2  Kxd6  66. c5+  Ke6  67. c6  Nf4  68. Kxa5  Nd5  69. Kb5  Kd6  70. Bc1  Kc7  71. Kc5  Ne7  72. Bg5  Nxc6   1/2-1/2

[Event "2021 FIDE Online Olympiad"]
[Site "Chess.com"]
[Date "2021.09.03"]
[Round "5"]
[Board "6"]
[White "San Diego, Jerlyn Mae"]
[Black "Latifah, Laysa"]
[Result "0-1"]
[WhiteElo "1670"]
[BlackElo "1917"]
[PlyCount "128"]
[EventDate "2021.09.02"]
[EventType "team"]
[EventRounds "9"]
[EventCountry "FID"]
[WhiteTeam "Philippines"]
[BlackTeam "Indonesia"]

1. e4  c6  2. d4  d5  3. exd5  cxd5  4. Bd3  Nc6  5. c3  g6  6. Bf4  Bg7  7. Nd2  Nf6  8. h3  Qb6  9. Rb1  O-O  10. Ngf3  Nh5  11. Bh2  Na5  12. O-O  h6  13. Re1  Re8  14. Ne5  Nf6  15. Qa4  Bf5  16. Bxf5  gxf5  17. Nd7  Nxd7  18. Qxd7  e6  19. b4  Qc6  20. Qc7  Qxc7  21. Bxc7  Nc6  22. b5  Ne7  23. a4  Rac8  24. Ba5  f4  25. b6  Nc6  26. Nb3  Nxa5  27. Nxa5  axb6  28. Nxb7  Rxc3  29. Rxb6  Ra8  30. a5  Bxd4  31. Rb4  e5  32. Ra4  Rc2  33. Rf1  Ra6  34. Rb4  Kf8  35. Rb5  Ra7  36. Nd6  Rc5  37. Rfb1  Rxa5  38. Rb8+  Kg7  39. Nb7  Ra2  40. Nxc5  Bxf2+  41. Kh2  Bxc5  42. Rc8  Be3  43. Rbb8  f3  44. Rg8+  Kf6  45. Rb6+  Kf5  46. Rb1  Bg5  47. Kg3  Bf4+  48. Kh4  fxg2  49. Rg1  Bg5+  50. Kg3  e4  51. h4  Bf4+  52. Kh3  d4  53. R8xg2  Ra3+  54. Rg3  Bxg3  55. Rxg3  Rxg3+  56. Kxg3  d3  57. Kf2  Kf4  58. Ke1  e3  59. h5  Kf3  60. Kf1  d2  61. Kg1  d1=Q+  62. Kh2  Qe2+  63. Kh3  Qg2+  64. Kh4  Qg4#   0-1

[Event "2021 FIDE Online Olympiad"]
[Site "Chess.com"]
[Date "2021.09.03"]
[Round "5"]
[Board "1"]
[White "O`Donnell, Conor"]
[Black "Reefat, Bin-Sattar"]
[Result "1-0"]
[WhiteElo "2184"]
[BlackElo "2415"]
[PlyCount "53"]
[EventDate "2021.09.02"]
[EventType "team"]
[EventRounds "9"]
[EventCountry "FID"]
[WhiteTeam "Ireland"]
[BlackTeam "Bangladesh"]

1. d4  e6  2. c4  b6  3. e4  Bb7  4. Bd3  Bb4+  5. Kf1  Be7  6. Nc3  d6  7. Nf3  Nd7  8. h3  Bf6  9. Be3  Ne7  10. Qd2  h6  11. Ke2  a6  12. g4  c5  13. d5  Ng6  14. h4  Bxc3  15. bxc3  Qc7  16. Rab1  Nge5  17. g5  hxg5  18. Bxg5  b5  19. Nxe5  Nxe5  20. cxb5  c4  21. Bc2  axb5  22. Rxb5  exd5  23. exd5  O-O  24. Kf1  Ra5  25. a4  Rxb5  26. axb5  Qc5  27. Rh3   1-0

[Event "2021 FIDE Online Olympiad"]
[Site "Chess.com"]
[Date "2021.09.03"]
[Round "5"]
[Board "2"]
[White "Uddin, Mohammad Minhaz"]
[Black "Jessel, Stephen"]
[Result "0-1"]
[WhiteElo "2328"]
[BlackElo "2294"]
[PlyCount "62"]
[EventDate "2021.09.02"]
[EventType "team"]
[EventRounds "9"]
[EventCountry "FID"]
[WhiteTeam "Bangladesh"]
[BlackTeam "Ireland"]

1. e4  e6  2. d4  d5  3. Nd2  h6  4. Bd3  c5  5. dxc5  Bxc5  6. Ngf3  Nf6  7. Qe2  O-O  8. O-O  Nc6  9. a3  a5  10. e5  Nd7  11. Nb3  Ba7  12. a4  Qc7  13. Re1  f6  14. exf6  Nxf6  15. Be3  Bxe3  16. fxe3  e5  17. e4  Ng4  18. h3  Qb6+  19. Kh1  Nf2+  20. Kh2  Nxd3  21. Qxd3  Nb4  22. Qd2  dxe4  23. Rxe4  Bf5  24. Rxe5  Bxc2  25. Nbd4  Rad8  26. Qc3  Rc8  27. Qe3  Qd6  28. Kh1  Nd3  29. Re7  Qg3  30. Rf1  Nf4  31. Qf2  Qg6   0-1

[Event "2021 FIDE Online Olympiad"]
[Site "Chess.com"]
[Date "2021.09.03"]
[Round "5"]
[Board "3"]
[White "Kanyamarala, Trisha"]
[Black "Sultana, Sharmin Shirin"]
[Result "1-0"]
[WhiteElo "1811"]
[BlackElo "2084"]
[PlyCount "91"]
[EventDate "2021.09.02"]
[EventType "team"]
[EventRounds "9"]
[EventCountry "FID"]
[WhiteTeam "Ireland"]
[BlackTeam "Bangladesh"]

1. d4  d5  2. c4  c6  3. e3  Nf6  4. Nf3  Bf5  5. Nc3  e6  6. Bd3  Bg6  7. O-O  Nbd7  8. Qe2  Ne4  9. Bxe4  dxe4  10. Nd2  Nf6  11. f3  exf3  12. Nxf3  Be7  13. e4  O-O  14. e5  Nd7  15. Bf4  Qb6  16. Kh1  Rad8  17. Rad1  h6  18. d5  cxd5  19. cxd5  Bb4  20. Be3  Qa5  21. dxe6  fxe6  22. Bd4  Bxc3  23. Bxc3  Qxa2  24. Qb5  Nb6  25. Nd4  Be4  26. Qe2  Bd5  27. Qg4  Qc4  28. Rxf8+  Rxf8  29. Kg1  Na4  30. Bd2  Nxb2  31. Bxh6  Qc7  32. Rc1  Qf7  33. Be3  Nc4  34. Qg3  Nxe3  35. Qxe3  Qg6  36. Qd2  Qe4  37. Nf3  Qg4  38. Ne1  Rf5  39. Rc8+  Kh7  40. Qd3  Qh5  41. Rc3  g6  42. Qc2  Rxe5  43. Rh3  Rxe1+  44. Kf2  Qxh3  45. gxh3  Rh1  46. Qc7+   1-0

[Event "2021 FIDE Online Olympiad"]
[Site "Chess.com"]
[Date "2021.09.03"]
[Round "5"]
[Board "4"]
[White "Parveen, Tanima"]
[Black "Ferguson, Dayna"]
[Result "1/2-1/2"]
[WhiteElo "1987"]
[BlackElo "1374"]
[PlyCount "53"]
[EventDate "2021.09.02"]
[EventType "team"]
[EventRounds "9"]
[EventCountry "FID"]
[WhiteTeam "Bangladesh"]
[BlackTeam "Ireland"]

1. e4  c5  2. c3  d5  3. exd5  Qxd5  4. d4  Nc6  5. Nf3  Bg4  6. Be2  cxd4  7. cxd4  e6  8. O-O  Qa5  9. Nc3  Bb4  10. Bd2  Nge7  11. a3  Bxc3  12. bxc3  Qc7  13. c4  Bxf3  14. Bxf3  Nxd4  15. Qa4+  Ndc6  16. Rfe1  O-O  17. Bc3  Rac8  18. Rac1  Rfd8  19. h3  b6  20. Be4  Nd4  21. c5  bxc5  22. Ba5  Qd7  23. Qc4  Rf8  24. Bc3  Ng6  25. Rb1  Rc7  26. Ba5  Rcc8  27. Rb7   1/2-1/2

[Event "2021 FIDE Online Olympiad"]
[Site "Chess.com"]
[Date "2021.09.03"]
[Round "5"]
[Board "5"]
[White "Kanyamarala, Tarun"]
[Black "Subrota, Biswas"]
[Result "0-1"]
[WhiteElo "2018"]
[BlackElo "2164"]
[PlyCount "72"]
[EventDate "2021.09.02"]
[EventType "team"]
[EventRounds "9"]
[EventCountry "FID"]
[WhiteTeam "Ireland"]
[BlackTeam "Bangladesh"]

1. d4  d5  2. c4  c6  3. Nf3  Nf6  4. Nc3  e6  5. e3  Nbd7  6. Qc2  Bd6  7. g4  h6  8. Rg1  e5  9. cxd5  cxd5  10. Nb5  Bb8  11. dxe5  Nxe5  12. Nxe5  Bxe5  13. f4  Bb8  14. h3  Ne4  15. Bd3  Qh4+  16. Kd1  Nf2+  17. Ke2  O-O  18. Bh7+  Kh8  19. Bf5  Bxf5  20. gxf5  Ne4  21. Bd2  a6  22. Nd4  Ba7  23. Raf1  Bxd4  24. exd4  Rac8  25. Qd3  Rfe8  26. Kd1  Nf2+  27. Rxf2  Qxf2  28. Rf1  Qh4  29. f6  Qxf6  30. f5  Re4  31. Rf4  Rce8  32. b3  Rxf4  33. Bxf4  Re4  34. Be5  Qxf5  35. Qg3  Qf1+  36. Kd2  f6   0-1

[Event "2021 FIDE Online Olympiad"]
[Site "Chess.com"]
[Date "2021.09.03"]
[Round "5"]
[Board "6"]
[White "Noshin, Anjum"]
[Black "Putar, Lara"]
[Result "0-1"]
[WhiteElo "1808"]
[BlackElo "1516"]
[PlyCount "80"]
[EventDate "2021.09.02"]
[EventType "team"]
[EventRounds "9"]
[EventCountry "FID"]
[WhiteTeam "Bangladesh"]
[BlackTeam "Ireland"]

1. e4  e6  2. d4  d5  3. Nc3  Bb4  4. e5  c5  5. a3  Bxc3+  6. bxc3  Qa5  7. Bd2  Qa4  8. Qg4  Kf8  9. Nf3  Nc6  10. Be2  Nge7  11. Qf4  Qxc2  12. O-O  Qe4  13. Qxe4  dxe4  14. Ng5  cxd4  15. Nxe4  Nxe5  16. cxd4  N5c6  17. Be3  Nd5  18. Rfc1  f5  19. Nc5  f4  20. Bd2  Nxd4  21. Bd1  Ke7  22. Nd3  g5  23. Nb4  Nf6  24. Bc3  e5  25. Nd3  e4  26. Bxd4  exd3  27. Rc7+  Ke6  28. Bb3+  Kd6  29. Bxf6  Kxc7  30. Bxh8  Bf5  31. Be5+  Kc6  32. Rc1+  Kb5  33. Bc4+  Ka4  34. Rd1  Re8  35. Bf6  b5  36. Bd5  d2  37. Bc3  Bc2  38. Bf7  Re7  39. Bb4  Bxd1  40. Bxe7  Be2   0-1

[Event "2021 FIDE Online Olympiad"]
[Site "Chess.com"]
[Date "2021.09.03"]
[Round "5"]
[Board "1"]
[White "Abdyjapar, Asyl"]
[Black "Zeng, Chongsheng"]
[Result "0-1"]
[WhiteElo "2390"]
[BlackElo "2499"]
[PlyCount "118"]
[EventDate "2021.09.02"]
[EventType "team"]
[EventRounds "9"]
[EventCountry "FID"]
[WhiteTeam "Kyrgyzstan"]
[BlackTeam "Shenzhen China"]

1. d4  Nf6  2. c4  e6  3. Nf3  d5  4. Nc3  Bb4  5. Bg5  h6  6. Bh4  g5  7. Bg3  Ne4  8. Rc1  Bxc3+  9. bxc3  h5  10. h4  g4  11. Nd2  Nxg3  12. fxg3  Nc6  13. e4  dxe4  14. Nxe4  f5  15. Ng5  Qd6  16. Qd3  Bd7  17. Be2  e5  18. Rd1  Rf8  19. O-O  Qa3  20. Qe3  O-O-O  21. dxe5  Nxe5  22. Qxe5  Rfe8  23. Qd5  Rxe2  24. Kh1  Qe7  25. Nf7  Rf8  26. Nh6  Qe6  27. Qc5  Qxh6  28. Qxa7  Qa6  29. Qc5  Rd8  30. Rd5  Qb6  31. Qa3  c6  32. Ra5  Kc7  33. Rd1  c5  34. Rxc5+  Bc6  35. Rxc6+  bxc6  36. Rf1  Qe3  37. Qa5+  Qb6  38. Qxf5  Rde8  39. c5  Qb2  40. Qf4+  Kb7  41. Qf5  Kc7  42. Qf4+  Kb7  43. Qf5  Re1  44. Kh2  Rxf1  45. Qxf1  Qxa2  46. c4  Qe2  47. Qf7+  Re7  48. Qxh5  Qxc4  49. Qg5  Qe4  50. Qf6  Ka6  51. h5  Kb5  52. h6  Kxc5  53. Qg5+  Re5  54. Qh4  Qh7  55. Kg1  Re1+  56. Kh2  Re6  57. Qg5+  Kb6  58. Kg1  Qxh6  59. Qxg4  Qe3+   0-1

[Event "2021 FIDE Online Olympiad"]
[Site "Chess.com"]
[Date "2021.09.03"]
[Round "5"]
[Board "2"]
[White "Yu, Ruiyuan"]
[Black "Zhakshylykov, Erzhan"]
[Result "0-1"]
[WhiteElo "2506"]
[BlackElo "1929"]
[PlyCount "100"]
[EventDate "2021.09.02"]
[EventType "team"]
[EventRounds "9"]
[EventCountry "FID"]
[WhiteTeam "Shenzhen China"]
[BlackTeam "Kyrgyzstan"]

1. e4  e5  2. Nf3  Nc6  3. Bc4  Bc5  4. c3  Nf6  5. d4  exd4  6. e5  d5  7. Bb5  Ne4  8. cxd4  Bb6  9. Nc3  O-O  10. Be3  Bg4  11. h3  Bh5  12. Qc2  Nxc3  13. Bxc6  bxc6  14. Qxc3  f6  15. exf6  Bxf3  16. fxg7  Rf7  17. gxf3  Rxf3  18. O-O-O  Qf6  19. Rdg1  Re8  20. Qd3  Re4  21. Qa6  Qe6  22. h4  h5  23. a3  Qd7  24. Rg5  Rxd4  25. Bxd4  Bxd4  26. Qe2  Rxf2  27. Rf1  Bxb2+  28. Kb1  Rxf1+  29. Qxf1  Bxg7  30. Qf6  c5  31. a4  c4  32. Qf5  Qxf5+  33. Rxf5  c6  34. Rxh5  Bf6  35. Kc2  Kg7  36. Rf5  Bxh4  37. Kc3  Bf6+  38. Kb4  c3  39. Rf1  d4  40. Kc4  a5  41. Kd3  Kg6  42. Rb1  c5  43. Rf1  Bg5  44. Rf2  Be3  45. Rf1  Kg5  46. Rb1  c4+  47. Kc2  Bd2  48. Rb5+  Kf4  49. Rxa5  d3+  50. Kd1  Be3   0-1

[Event "2021 FIDE Online Olympiad"]
[Site "Chess.com"]
[Date "2021.09.03"]
[Round "5"]
[Board "3"]
[White "Zairbek kyzy, Begimai"]
[Black "Zhao, Xue"]
[Result "0-1"]
[WhiteElo "1649"]
[BlackElo "2442"]
[PlyCount "82"]
[EventDate "2021.09.02"]
[EventType "team"]
[EventRounds "9"]
[EventCountry "FID"]
[WhiteTeam "Kyrgyzstan"]
[BlackTeam "Shenzhen China"]

1. e4  e6  2. d4  d5  3. Bd3  c5  4. c3  cxd4  5. cxd4  Nc6  6. Ne2  Nb4  7. Nbc3  Nxd3+  8. Qxd3  dxe4  9. Nxe4  Bb4+  10. N2c3  Ne7  11. O-O  O-O  12. a3  Ba5  13. Bg5  f6  14. Bh4  Nf5  15. Bg3  Qxd4  16. Qf3  e5  17. Rad1  Qc4  18. b4  Bb6  19. Nd5  Nd4  20. Ndxf6+  Kh8  21. Qh5  gxf6  22. Bxe5  Bg4  23. Qxg4  fxe5  24. Rde1  Rf4  25. Qh5  Rf5  26. Ng5  Rxg5  27. Qxg5  Nf3+  28. gxf3  Rg8  29. Rxe5  Qc3  30. Qxg8+  Kxg8  31. Rfe1  Bd4  32. Re8+  Kf7  33. R1e7+  Kf6  34. Rxb7  Qc1+  35. Kg2  Qg5+  36. Kf1  Qh4  37. Rf8+  Kg6  38. Rg8+  Kh6  39. Rg3  Qxh2  40. Rg2  Qh1+  41. Rg1  Qxf3   0-1

[Event "2021 FIDE Online Olympiad"]
[Site "Chess.com"]
[Date "2021.09.03"]
[Round "5"]
[Board "4"]
[White "Xu, Tong"]
[Black "Samaganova, Alexandra"]
[Result "1/2-1/2"]
[WhiteElo "2111"]
[BlackElo "1948"]
[PlyCount "144"]
[EventDate "2021.09.02"]
[EventType "team"]
[EventRounds "9"]
[EventCountry "FID"]
[WhiteTeam "Shenzhen China"]
[BlackTeam "Kyrgyzstan"]

1. e4  c5  2. g3  Nc6  3. Bg2  g6  4. Ne2  Bg7  5. d3  e6  6. O-O  Nge7  7. c3  d5  8. Be3  d4  9. cxd4  Nxd4  10. Nxd4  cxd4  11. Bc1  Bd7  12. f4  Bc6  13. Nd2  O-O  14. Nf3  b6  15. Bd2  a5  16. Rc1  b5  17. Be1  b4  18. Bf2  Qb6  19. g4  Rac8  20. e5  Rfd8  21. Rc4  Bxf3  22. Bxf3  f6  23. exf6  Bxf6  24. Rxc8  Nxc8  25. Re1  Ne7  26. Qe2  Rd6  27. Rc1  Kf7  28. Bg3  Qb5  29. Rc7  Rd7  30. Rc1  Nd5  31. Bxd5  Qxd5  32. Rc4  Re7  33. Qf2  h6  34. h4  Rd7  35. Qg2  Qb5  36. b3  a4  37. Qe4  axb3  38. axb3  Qa5  39. Rc6  Re7  40. g5  Bg7  41. h5  Qf5  42. Qxf5+  exf5  43. hxg6+  Ke8  44. Rc8+  Kd7  45. Rb8  Kc7  46. Rxb4  Re3  47. Bf2  Rxd3  48. gxh6  Bxh6  49. Rxd4  Rxb3  50. Kg2  Rb8  51. Rc4+  Kd7  52. Rc5  Bxf4  53. Rxf5  Bh6  54. Rh5  Bc1  55. Bd4  Ke6  56. g7  Kf7  57. Rh8  Rg8  58. Kf3  Bg5  59. Ke4  Be7  60. Kf5  Ba3  61. Kg5  Bc1+  62. Kh5  Bd2  63. Kg4  Bb4  64. Kf5  Ba3  65. Rh3  Bd6  66. Rb3  Rb8  67. Rc3  Rb5+  68. Ke4  Rb8  69. Rc6  Ba3  70. Ra6  Bb2  71. Ra7+  Kg8  72. Bxb2  Rxb2   1/2-1/2

[Event "2021 FIDE Online Olympiad"]
[Site "Chess.com"]
[Date "2021.09.03"]
[Round "5"]
[Board "5"]
[White "Sezdbekov, Ruslan"]
[Black "Xue, Haowen"]
[Result "0-1"]
[WhiteElo "2089"]
[BlackElo "2128"]
[PlyCount "152"]
[EventDate "2021.09.02"]
[EventType "team"]
[EventRounds "9"]
[EventCountry "FID"]
[WhiteTeam "Kyrgyzstan"]
[BlackTeam "Shenzhen China"]

1. e4  c5  2. Nf3  Nc6  3. Bb5  e6  4. O-O  Nge7  5. c3  a6  6. Ba4  b5  7. Bc2  d5  8. e5  d4  9. Be4  d3  10. a4  b4  11. cxb4  cxb4  12. Qb3  Bb7  13. a5  Nd4  14. Qxd3  Bxe4  15. Qxe4  Nb3  16. Ra4  Nc5  17. Qxb4  Nd5  18. Qc4  Nxa4  19. Qc6+  Ke7  20. Qxa4  Qd7  21. Qe4  Ke8  22. d3  Rc8  23. Be3  Nb4  24. d4  Nd5  25. Nbd2  Bb4  26. Qg4  f5  27. exf6  gxf6  28. Nb3  Kf7  29. Qh5+  Ke7  30. Bd2  Bd6  31. Re1  Rb8  32. Nc5  Bxc5  33. dxc5  Rxb2  34. Bc1  Rb1  35. Qh6  Kd8  36. Nd4  e5  37. c6  Qg4  38. Ne2  Rg8  39. Ng3  Kc8  40. Qd2  Rd8  41. Qd3  Rb5  42. Qxh7  Qe6  43. Bd2  Kb8  44. Rc1  Nc7  45. Be3  Rc8  46. Ne4  Ka8  47. Bb6  Qxc6  48. Re1  Rb4  49. Ng3  Nb5  50. h4  Qb7  51. Qh6  Qf7  52. h5  Rbc4  53. Qe3  R4c6  54. h6  Qg6  55. Qf3  Qxh6  56. Nf5  Qf4  57. Qxf4  exf4  58. g3  fxg3  59. Nxg3  Rc1  60. Rxc1  Rxc1+  61. Kg2  Rc6  62. Kf3  Nd6  63. Bd8  Nc4  64. Ne4  f5  65. Ng3  Rc5  66. Kf4  Nxa5  67. Nxf5  Nc6  68. Bf6  a5  69. Ne3  a4  70. Ke4  a3  71. f4  a2  72. f5  Ne5  73. Bxe5  Rxe5+  74. Kxe5  a1=Q+  75. Kf4  Qd4+  76. Kf3  Qe5   0-1

[Event "2021 FIDE Online Olympiad"]
[Site "Chess.com"]
[Date "2021.09.03"]
[Round "5"]
[Board "6"]
[White "Li, Xinyu"]
[Black "Abaeva, Aiana"]
[Result "1-0"]
[WhiteElo "2167"]
[BlackElo "1340"]
[PlyCount "67"]
[EventDate "2021.09.02"]
[EventType "team"]
[EventRounds "9"]
[EventCountry "FID"]
[WhiteTeam "Shenzhen China"]
[BlackTeam "Kyrgyzstan"]

1. d4  d5  2. c4  e6  3. Nc3  Nf6  4. cxd5  exd5  5. Bg5  Nbd7  6. e3  Be7  7. Bd3  c6  8. Nf3  O-O  9. O-O  Re8  10. Nd2  Nf8  11. Rb1  Ng6  12. Qc2  a6  13. b4  Qc7  14. Bxf6  Bxf6  15. Nxd5  Qd6  16. Nxf6+  Qxf6  17. Ne4  Qd8  18. Ng3  Be6  19. a4  Qd7  20. Rfe1  Rac8  21. f4  Nf8  22. f5  Bd5  23. e4  Ba2  24. Rbd1  Qxd4+  25. Kh1  Qxb4  26. Qxa2  b5  27. axb5  axb5  28. e5  Ra8  29. Qf2  Rad8  30. h3  Qa3  31. Qf3  Qa6  32. Nh5  Nd7  33. Qg3  g6  34. fxg6   1-0

[Event "2021 FIDE Online Olympiad"]
[Site "Chess.com"]
[Date "2021.09.03"]
[Round "6"]
[Board "1"]
[White "Song, Raymond"]
[Black "Zeng, Chongsheng"]
[Result "0-1"]
[WhiteElo "2254"]
[BlackElo "2499"]
[PlyCount "148"]
[EventDate "2021.09.02"]
[EventType "team"]
[EventRounds "9"]
[EventCountry "FID"]
[WhiteTeam "Chinese Taipei"]
[BlackTeam "Shenzhen China"]

1. e4  c5  2. Nf3  Nc6  3. Bb5  Nf6  4. Bxc6  dxc6  5. d3  Bg4  6. h3  Bxf3  7. Qxf3  g6  8. Be3  Nd7  9. Nc3  Bg7  10. O-O  b6  11. Qg3  Nf8  12. f4  Ne6  13. e5  Nd4  14. Bxd4  Qxd4+  15. Kh1  O-O  16. Rae1  Qb4  17. Rb1  Rad8  18. a3  Qd4  19. Rbe1  Qd7  20. Ne4  Qd4  21. Nc3  Qd7  22. Ne4  f6  23. exf6  exf6  24. f5  gxf5  25. Nd2  Rde8  26. Qf4  Qd4  27. Qxd4  cxd4  28. Nf3  c5  29. Nh4  f4  30. Nf5  Re5  31. Nd6  b5  32. Rb1  a6  33. Rxf4  Re2  34. Nf5  h5  35. b4  Rxc2  36. bxc5  Rxc5  37. Re1  Re5  38. Rc1  Rf7  39. Nxd4  Bh6  40. Rc8+  Kh7  41. Rf1  Rd5  42. Nf5  Rxd3  43. Rf3  Rxf3  44. gxf3  Bf8  45. Rc6  Bxa3  46. Rxa6  Bf8  47. Rb6  b4  48. Kg2  Kg6  49. Ng3  Bc5  50. Rb5  Rc7  51. Ne4  Be7  52. Kf2  Rc6  53. Ke2  h4  54. f4  f5  55. Nd2  Rc2  56. Rb6+  Kf7  57. Ke1  Rc3  58. Rb5  Ke6  59. Rb6+  Bd6  60. Ke2  Kd5  61. Rb5+  Bc5  62. Nf3  Re3+  63. Kf2  Rc3+  64. Kg2  Rc2+  65. Kh1  Ke4  66. Nxh4  Kxf4  67. Rb7  Rc3  68. Kg2  b3  69. Ng6+  Ke4  70. h4  Rc2+  71. Kh3  Bd6  72. Nf4  Rc3+  73. Kg2  Bxf4  74. h5  Rc2+   0-1

[Event "2021 FIDE Online Olympiad"]
[Site "Chess.com"]
[Date "2021.09.03"]
[Round "6"]
[Board "2"]
[White "Yu, Ruiyuan"]
[Black "Liu, Yeh Yang"]
[Result "1-0"]
[WhiteElo "2506"]
[BlackElo "2004"]
[PlyCount "73"]
[EventDate "2021.09.02"]
[EventType "team"]
[EventRounds "9"]
[EventCountry "FID"]
[WhiteTeam "Shenzhen China"]
[BlackTeam "Chinese Taipei"]

1. e4  c6  2. d4  d5  3. Nc3  dxe4  4. Nxe4  Bf5  5. Ng3  Bg6  6. h4  h6  7. Nf3  Nd7  8. h5  Bh7  9. Bd3  Bxd3  10. Qxd3  e6  11. Bd2  Ngf6  12. O-O-O  Bd6  13. Ne4  Nxe4  14. Qxe4  Nf6  15. Qe2  a5  16. Ne5  a4  17. a3  Qe7  18. Kb1  O-O  19. g4  Nh7  20. f4  Rfd8  21. g5  Bxe5  22. dxe5  hxg5  23. fxg5  g6  24. hxg6  fxg6  25. Rh6  Qg7  26. Rdh1  Nf8  27. Qh2  Rd5  28. c4  Rxd2  29. Rh8+  Kf7  30. Qf4+  Ke8  31. Qxd2  Qxe5  32. Qb4  Qf5+  33. Ka1  b5  34. Rxf8+  Qxf8  35. Qxf8+  Kxf8  36. Rh8+  Ke7  37. Rxa8   1-0